banner koha

Row spacing for pigeon pea sowing and its influence on the recovery of degraded pasture (Registro n. 338126)

MARC details
000 -LÍDER
fixed length control field 03960nab a2200349 4500
003 - CÓDIGO MARC DA AGÊNCIA CATALOGADORA
Campo de controle BR-BrBNA
005 - DATA E HORA DA ÚLTIMA ATUALIZAÇÃO
Campo de controle 20250911124310.0
008 - CAMPO DE TAMANHO FIXO
fixed length control field 250911b2024 bl.ar|pooa||| 00| 0 eng |
040 ## - FONTE DA CATALOGAÇÃO
Agência catalogadora BR-BrBNA
Idioma da catalogação por
072 ## - CATEGORIA AGRIS
Código AGRIS F01 ; F04 ; P01
Código do objeto 1480 ; 1930 ; 3855
100 ## - ENTRADA PRINCIPAL - NOME PESSOAL
Nome pessoal Matta, Frederico de Pina
100 ## - ENTRADA PRINCIPAL - NOME PESSOAL
Nome pessoal Godoy, Rodolfo
100 ## - ENTRADA PRINCIPAL - NOME PESSOAL
Nome pessoal Oliveira, Patrícia Perondi Anchão
100 ## - ENTRADA PRINCIPAL - NOME PESSOAL
Nome pessoal Ferraz Júnior, Reinivaldo Sergio
245 ## - TÍTULO PRINCIPAL
Título principal Row spacing for pigeon pea sowing and its influence on the recovery of degraded pasture
500 ## - NOTA GERAL
Nota geral Summaries (En, Pt); 29 ref.; 2 illus.; 6 tables
942 ## - ADDED ENTRY ELEMENTS (KOHA)
Koha item type Analítica
520 ## - NOTA DE RESUMO
Nota de conteúdo Abstract – The objective of this work was to evaluate the effect of row spacing for sowing of 'BRS Mandarim' pigeon pea (Cajanus cajan) on soil fertility and on the yield and nutritional values of brachiaria (Urochloa decumbens) pasture. Pigeon pea was sown in an area in the initial stage of degradation and cultivated with brachiaria. Four row-spacing treatments were evaluated for pigeon pea sowing, using the following row spacing: single rows spaced at 40, 80, and 120 cm; and a double-row with 40 cm between rows, spaced at 120 cm. In addition, a reference area treatment without pigeon pea was used. The<br/>nutritive parameters of the total available forage and of the pigeon pea plants were measured at three following development stages of pigeon pea plants: vegetative stage, at 79 days after sowing (DAS); beginning of the reproductive stage, with green pods, at 157 DAS; and final stage of grain production (dry pods), at 281 DAS. The use of the legume provided an economy of up to R$ 1,716.30 ha-1 in the application of nitrogen fertilizers. Pigeon pea used as green manure provides a significant increase of 53.5 to 140% in the dry matter yield of brachiaria. Index terms: Cajanus cajan, Urochloa decumbens, green manure, legume, organic matter, sustainability.
520 ## - NOTA DE RESUMO
Nota de conteúdo Resumo – O objetivo deste trabalho foi avaliar o efeito do espaçamento entre linhas para plantio de guandu (Cajanus cajan) 'BRS Mandarim' sobre a fertilidade do solo e sobre a produtividade e o valor utricional de pastagem de braquiária (Urochloa decumbens). O guandu foi semeado em área com estágio inicial de degradação e cultivada com braquiária. Quatro tratamentos foram avaliados para a semeadura de guandu, tendo-se utilizado os seguintes espaçamentos entre linhas: fileiras únicas espaçadas em 40, 80 e 120 cm; e fileira dupla com 40 cm entre as fileiras, espaçadas em 120 cm. Além disso, foi utilizada uma área de referência de tratamento sem guandu. Os parâmetros nutritivos da forragem total disponível e das plantas de guandu foram mensurados nos três seguintes estágios de desenvolvimento das plantas de guandu: estágio vegetativo, aos 79 dias após a semeadura (DAS); início do estágio reprodutivo, com vagens verdes, aos 157 DAS; e estágio final de produção de grãos (vagens secas), aos 281 DAS. O uso da leguminosa proporcionou economia de até R$ 1.716,30 ha-1 na aplicação de fertilizantes nitrogenados. O guandu como adubação verde proporciona um aumento significativo de 53,5 a 140% na produtividade de matéria seca da braquiária. Termos para indexação: Cajanus cajan, Urochloa decumbens, adubação verde, leguminosa, matéria orgânica, sustentabilidade.
650 ## - ASSUNTO - THESAGRO
Cabeçalho tópico ou nome geográfico FEIJÃO GUANDU
650 ## - ASSUNTO - THESAGRO
Cabeçalho tópico ou nome geográfico LEGUMINOSA FORRAGEIRA
650 ## - ASSUNTO - THESAGRO
Cabeçalho tópico ou nome geográfico ESPAÇAMENTO
650 ## - ASSUNTO - THESAGRO
Cabeçalho tópico ou nome geográfico ADUBAÇÃO VERDE
650 ## - ASSUNTO - THESAGRO
Cabeçalho tópico ou nome geográfico MATÉRIA ORGÂNICA
650 ## - ASSUNTO - THESAGRO
Cabeçalho tópico ou nome geográfico CAPIM BRACHIARIA
650 ## - ASSUNTO - THESAGRO
Cabeçalho tópico ou nome geográfico GRAMÍNEA FORRAGEIRA
650 ## - ASSUNTO - THESAGRO
Cabeçalho tópico ou nome geográfico MATÉRIA SECA
650 ## - ASSUNTO - THESAGRO
Cabeçalho tópico ou nome geográfico SUSTENTABILIDADE
773 0# - ENTRADA ANALÍTICA
Host Biblionumber 920
Registro do item 357578
Imprenta Brasília-DF Empresa Brasileira de Pesquisa Agropecuária - EMBRAPA 1966-
Outro identificador 2025-5543
Título Pesquisa Agropecuária Brasileira (Brazil)
ISSN 0100-204X
Colação v. 59 p. 1-10; (2024)
Número de controle de registro BR2025002396
856 ## - ACESSO E ENDEREÇO ELETRÔNICO
Identificador uniforme de recurso - URI https://www.scielo.br/j/pab/a/smp6R8p9M5YYSmdrmwbst3s/?format=pdf&lang=en

Nenhum exemplar disponível.

BINAGRI

Telefone: (61)3218-2567/2388/3357/2097 - binagri@agro.gov.br

Ministério da Agricultura e Pecuária , Esplanada dos Ministérios, Bloco D, Anexo B, Brasília/DF, CEP: 70.043-900